Le Neveu de Rameau (Record no. 172622)

MARC details
000 -LEADER
campo de control de longitud fija 00786nam a22002295i 4500
001 - NÚMERO DE CONTROL
campo de control 172622
003 - IDENTIFICADOR DE NÚMERO DE CONTROL
campo de control ES-MaACL
005 - FECHA Y HORA DE LA ÚLTIMA TRANSACCIÓN
campo de control 20250813014535.0
007 - CAMPO FIJO DE DESCRIPCIÓN FÍSICA--INFORMACIÓN GENERAL
campo de control de longitud fija t|
008 - DATOS DE LONGITUD FIJA--INFORMACIÓN GENERAL
campo de control de longitud fija 090730s1962 fr ||||1| fre d
080 ## - NÚMERO DE LA CLASIFICACIÓN DECIMAL UNIVERSAL
Número de la Clasificación Decimal Universal 821.133.1-31"17"
100 1# - ENTRADA PRINCIPAL--NOMBRE DE PERSONA
Nombre de persona Diderot, Denis,
Fechas asociadas al nombre 1713-1784
9 (RLIN) 44511
245 13 - MENCIÓN DEL TÍTULO
Título Le Neveu de Rameau
Resto del título ; suivi de La Religieuse /
Mención de responsabilidad, etc. par Diderot ; préface de Michel Hérubel.
260 ## - PUBLICACIÓN, DISTRIBUCIÓN, ETC.
Lugar de publicación, distribución, etc. Paris :
Nombre del editor, distribuidor, etc. Union générale d'éditions,
Fecha de publicación, distribución, etc. 1962.
300 ## - DESCRIPCIÓN FÍSICA
Extensión 315 p. ;
Dimensiones 18 cm.
490 1# - MENCIÓN DE SERIE
Mención de serie Le Monde en 10-18 ;
Designación de volumen o secuencia 62-63
700 1# - ENTRADA AGREGADA--NOMBRE PERSONAL
Nombre de persona Hérubel, Michel.
9 (RLIN) 141127
740 32 - ENTRADA AGREGADA--TÍTULO RELACIONADO/ANALÍTICO NO CONTROLADO
Título relacionado o analítico no controlado La Religieuse.
830 0# - PUNTO DE ACCESO ADICIONAL DE SERIE-TÍTULO UNIFORME
Título uniforme Le Monde en 10-18 ;
Designación de volumen o secuencia 62-63
9 (RLIN) 187189
852 4# - LOCALIZACIÓN
Ubicación ES-MaACL
Número de control de estantería E-12909
itemnumber R.139285
Nota libre . - Biblioteca Jacinto Martínez Lacalle
Holdings
Estatus retirado Estado de pérdida Estado de daño No para préstamo Biblioteca de origen Biblioteca actual Ubicación en estantería Fecha de adquisición Fuente de adquisición Total de préstamos Signatura topográfica completa Código de barras Visto por última vez Precio de reemplazo Tipo de ítem Koha
        Biblioteca del Ateneo de Madrid Biblioteca del Ateneo de Madrid Depósito 2 30/07/2009     E-12909 1181151 23/02/2023 23/02/2023 Libro impreso